000 00587nam a2200229Ia 4500
003 OSt
005 20220924133015.0
006 a|||||r|||| 00| 0
007 ta
008 220923b |||||||| |||| 00| 0 urd d
024 _a255960
037 _cTextual
040 _aARTS
_cARTS
_burd
041 _2urd
_aurd
082 _aO168,1N11:g, M5
100 _aChaudhary Nusrat
_9205513
245 0 _aFaiz ki shayari
_b Ek mutala
260 _c1985
650 _aURDU POETRY
942 _hO168,1N11:g, M5
_cTEXL
_2CC
999 _c432378
_d432378